000 00240nam a2200097Ia 4500
008 230508s2004 xx 000 0 und d
041 _aeng
100 _aRODDY COOLEN
245 _aELECTRONIC COMMUNICATION
260 _bPEARSON EDUCATION
_c2004
999 _c332572
_d332572